Critical Care Nursing : (Record no. 10927)
[ view plain ]
| 000 -LEADER | |
|---|---|
| fixed length control field | 02505cam a22004454a 4500 |
| 001 - CONTROL NUMBER | |
| control field | 2004018659 |
| 003 - CONTROL NUMBER IDENTIFIER | |
| control field | DLC |
| 005 - DATE AND TIME OF LATEST TRANSACTION | |
| control field | 20070410 .0 |
| 008 - FIXED-LENGTH DATA ELEMENTS--GENERAL INFORMATION | |
| fixed length control field | 040810s2005 paua b 001 0 eng |
| 010 ## - LIBRARY OF CONGRESS CONTROL NUMBER | |
| LC control number | 2004018659 |
| 020 ## - INTERNATIONAL STANDARD BOOK NUMBER | |
| International Standard Book Number | 1605475181 |
| 020 ## - INTERNATIONAL STANDARD BOOK NUMBER | |
| International Standard Book Number | 9781605475189 |
| 040 ## - CATALOGING SOURCE | |
| Original cataloging agency | DNLM/DLC |
| Language of cataloging | eng |
| Transcribing agency | DLC |
| Modifying agency | DLC |
| 042 ## - AUTHENTICATION CODE | |
| Authentication code | pcc |
| 050 10 - LIBRARY OF CONGRESS CALL NUMBER | |
| Classification number | RT120.I5 |
| Item number | C744 2005 |
| 060 10 - NATIONAL LIBRARY OF MEDICINE CALL NUMBER | |
| Classification number | WY 154 |
| Item number | C9328 2005 |
| 082 00 - DEWEY DECIMAL CLASSIFICATION NUMBER | |
| Classification number | 616.028 |
| Edition number | 22 |
| Item number | CRI NR |
| 245 00 - TITLE STATEMENT | |
| Title | Critical Care Nursing : |
| Remainder of title | A Holistic Approach / |
| Statement of responsibility, etc | [edited by] Patricia Gonce Morton .. [et. al.]. |
| 250 ## - EDITION STATEMENT | |
| Edition statement | 9th ed. |
| 260 ## - PUBLICATION, DISTRIBUTION, ETC. (IMPRINT) | |
| Place of publication, distribution, etc | Philadelphia, PA : |
| Name of publisher, distributor, etc | Lippincott Williams & Wilkins, |
| Date of publication, distribution, etc | c2009. |
| 300 ## - PHYSICAL DESCRIPTION | |
| Extent | xxxiii, 1502 p. : |
| Other physical details | ill. col. ; |
| Dimensions | 29 cm. + |
| Accompanying material | 1 CD-ROM (4 3/4 in.) |
| 500 ## - GENERAL NOTE | |
| General note | Accompanying CD-ROM has title on label: Student resource CD-ROM to accompany Critical care nursing. |
| 504 ## - BIBLIOGRAPHY, ETC. NOTE | |
| Bibliography, etc | Includes bibliographical references and index. |
| 538 ## - SYSTEM DETAILS NOTE | |
| System details note | System requirements for accompanying CD-ROM: IBM-PC or compatible computer; Windows 98 SE, NT 4.0, 2000, ME, or XP; Pentium 300 MHz processor; Internet connectivity. |
| 650 #0 - SUBJECT ADDED ENTRY--TOPICAL TERM | |
| Topical term or geographic name as entry element | Intensive care nursing. |
| 9 (RLIN) | 20319 |
| 650 #0 - SUBJECT ADDED ENTRY--TOPICAL TERM | |
| Topical term or geographic name as entry element | Holistic nursing. |
| 9 (RLIN) | 20320 |
| 650 12 - SUBJECT ADDED ENTRY--TOPICAL TERM | |
| Topical term or geographic name as entry element | Critical Care. |
| 9 (RLIN) | 20321 |
| 650 22 - SUBJECT ADDED ENTRY--TOPICAL TERM | |
| Topical term or geographic name as entry element | Holistic Nursing. |
| 9 (RLIN) | 20322 |
| 700 1# - ADDED ENTRY--PERSONAL NAME | |
| Personal name | Fontaine, Dorrie K. |
| Dates associated with a name | 1952- |
| 9 (RLIN) | 20318 |
| 700 1# - ADDED ENTRY--PERSONAL NAME | |
| Personal name | Morton, Patricia Gonce, |
| Dates associated with a name | 1952- |
| 9 (RLIN) | 20323 |
| 740 02 - ADDED ENTRY--UNCONTROLLED RELATED/ANALYTICAL TITLE | |
| Uncontrolled related/analytical title | Student resource CD-ROM to accompany Critical care nursing. |
| 856 41 - ELECTRONIC LOCATION AND ACCESS | |
| Materials specified | Table of contents |
| Uniform Resource Identifier | <a href="http://www.loc.gov/catdir/toc/ecip0421/2004018659.html">http://www.loc.gov/catdir/toc/ecip0421/2004018659.html</a> |
| 856 42 - ELECTRONIC LOCATION AND ACCESS | |
| Materials specified | Publisher description |
| Uniform Resource Identifier | <a href="http://www.loc.gov/catdir/enhancements/fy0712/2004018659-d.html">http://www.loc.gov/catdir/enhancements/fy0712/2004018659-d.html</a> |
| 942 ## - ADDED ENTRY ELEMENTS (KOHA) | |
| Source of classification or shelving scheme | Dewey Decimal Classification |
| Item type | Book - Borrowing |
| Withdrawn status | Item status | Source of classification or shelving scheme | Damaged status | Not for loan | Vendor | Home library | Current library | Shelving location | Date acquired | Source of acquisition | Cost, normal purchase price | Serial Enumeration / chronology | Total Checkouts | Total Renewals | Full call number | Barcode | Date last seen | Date last borrowed | Koha item type |
|---|---|---|---|---|---|---|---|---|---|---|---|---|---|---|---|---|---|---|---|
| Dewey Decimal Classification | Baccah | Central Library | Central Library | First floor | 23/02/2009 | 384.00 | 6996 | 12 | 13 | 616.028 CRI NR | 000014855 | 15/07/2025 | 30/10/2014 | Book - Borrowing | |||||
| Dewey Decimal Classification | Baccah | Central Library | Central Library | First floor | 23/02/2009 | 6996 | 3 | 616.028 CRI NR | 000014856 | 24/08/2022 | 15/02/2012 | CD | DVD - With book | |||||||
| Dewey Decimal Classification | Baccah | Central Library | Central Library | First floor | 23/02/2009 | 6996 | 2 | 1 | 616.028 CRI NR | 000014857 | 24/08/2022 | 18/05/2010 | CD | DVD - With book | ||||||
| Dewey Decimal Classification | Baccah | Central Library | Central Library | First floor | 23/02/2009 | 384.00 | 6996 | 12 | 29 | 616.028 CRI NR | 000014858 | 15/07/2025 | 08/12/2015 | Book - Borrowing |